00439nam a2200157Ia 4500008004100000020001500041041001200056082001100068100001700079245009400096250000900190260003900199300000800238650001800246700001700264221030s9999 xx 000 0 und d a8131730645 aEnglish a105.23 aK. C. Loudon 0aManagement Information Systems - Managing the Digital Firmcby K. C. Loudon, J. P. Loudon a11th bPearson EdcuationaNew Delhic2010 a581 aMBA Computers aJ. P. Loudon